00570nam a22001817a 45000050016000000100015000160200025000310350013000560370013000690820012000821000019000942450099001132600042002122700060002543000022003145000040003366500012003762010081605245.0 aENG-100503 a9788190769624c40.00 aEN-84036 bDBAD/PUB a633.368 aGunaseelan, A. aGroundnut cultivation in Tamilnadu under british rule :b(1800 - 1900 A.D.) /cby A.Gunaseelan aTiruvallurbA.G.A. Publicationsc2005 a2, Rajiv Gandhi Street, RajajipurambTiruvallure602001 a104p.c18cm (pbk) aincludes bibliographical references aPeanuts